000 00792nam a2200265Ia 4500
003 OSt
005 20221005033440.0
006 a|||||r|||| 00| 0
007 ta
008 221004b |||||||| |||| 00| 0 eng d
020 _a9788121702096 (hbk)
_cINR 650.00
024 _a37827
037 _b362, 27/02/2018, Eastern Book Linkers
_cTextual
040 _aCRL
_cCRL
_beng
041 _2eng
_aeng
082 _aDelta:36, Q8
100 _aSharma S. K. Au.
_9586096
245 0 _aHealth and meditation
260 _aDelhi
_bBharatiya Vidya Prakashan India
_c2018
300 _ax,336p.
_ccm.
650 _a SPIRITUALISM
650 _aMEDITATION
942 _hDelta:36, Q8
_cTEXL
_2cc
999 _c941542
_d941542